Belize Country Quiz - Statistics

General Stats
  • This quiz has been taken 21,019 times
    20,928 since last reset
  • The average score is 14 of 16
Answer Stats
Clue Answer % Correct
Second most commonly spoken language Spanish
98%
Bordering countries Guatemala
97%
Bordering countries Mexico
97%
Sea that Belize borders Caribbean
96%
Official language English
95%
Country from which Belize gained its independence in 1981 United Kingdom
94%
Ancient civilization known for pyramids, calendars, and writing Maya
92%
Currency of Belize Belize dollar
89%
The world's second longest barrier ____ can be found just off the coast of Belize Reef
87%
Fruit which accounts for 15% of Belize's exports Banana
85%
Belize is the country with the sixth highest _____ rate, at roughly the same level as the city of Detroit Murder
83%
Type of natural disaster which struck in 1961, destroying so many buildings that Belize moved their capital to a new location Hurricane
82%
Peninsula on which Belize lies Yucatan
81%
Capital city Belmopan
78%
Most populous city Belize City
62%
Giant marine sinkhole that is a popular scuba destination Great {Blue} Hole
58%
No matching quizzes found
Score Distribution
Percent of People with Each Score
Percentile by Number Answered
Your Score History
You have not taken this quiz since the last reset